000 00683nam a2200241 a 4500
001 20624
003 BD-RjUL
005 20211209000605.0
008 140301r19631962enk 000 1 eng d
035 _a(BD-RjUL)20686
040 _aWASKC
_beng
_cWASKC
_dXNTU
_dBD-RjUL
041 _aeng
082 0 4 _a822.914
_220
_bPIC 1963
100 1 _aPinter, Harold,
_d1930-
_963640
245 1 4 _aThe caretaker :
_ba play /
_cby Harold Pinter.
250 _a2nd ed., rev.
260 _aLondon :
_bMethuen,
_c1962 [reprinted 1963].
300 _a78 p. ;
_c19 cm.
490 0 _aA Methuen modern play
650 0 _aTramps
_vDrama.
_963641
650 0 _aOlder men
_vDrama.
_963642
942 _2ddc
_cBK
999 _c20624
_d20624